000 02140cam a2200481 i 4500
001 3246748
003 EG-GICUC
005 20260421210506.0
008 260421r19811907nyu frb 001 0 eng
010 _a 80084956
020 _a0899410731
020 _a9780899410739
040 _aDLC
_cEG-GICUC
_dEG-GICUC
_beng
_erda
043 _ae-uk---
082 0 0 _a341.84
_a341.84
_221
_bB U . B
092 0 4 _221
_a341.84
_bB U . B
099 _aLaw1 11 341.84 B U . B 1907
100 1 _aBurge, William,
_d1787-1849.
240 1 0 _aCommentaries on colonial and foreign laws
245 1 0 _aBurge's Commentaries on colonial and foreign laws :
_c[edited by] Alexander Wood Renton and George Grenville Phillimore.
_band in their conflict with each other and with the law of England /
_nVolume 1
300 _aVolume1 420 page ;
_c26 cm.
_billustrations,
336 _atext
_btxt
_2rdacontent
337 _aunmediated
_bn
_2rdamedia
338 _avolume
_bnc
_2rdacarrier
440 0 _aHistorical writings in law and jurisprudence ;
_v21-25
500 _aReprint. Originally published: Burge's Commentaries on colonial and foreign laws generally and in their conflict with each other and with the law of England. New ed. / under the general editorship of Alexander Wood Renton and George Grenville Phillimore. London : Sweet & Maxwell, 1907-1928.
504 _aIncludes bibliographical references and indexes.
650 0 _aLaw
_zGreat Britain
_xColonies.
_2qrmak
650 0 _aConflict of laws.
_2qrmak
650 0 _aComparative law.
_2qrmak
650 0 _aConflict of laws
_zGreat Britain.
_2qrmak
651 1 _2qrmak
700 1 _aRenton, Alexander Wood,
_d1861-1933.
700 1 _aPhillimore, George Grenville,
_d1867-1925.
740 0 _aCommentaries on colonial and foreign laws.
856 4 0 _uhttps://fll.law.cu.edu.eg/fulltext/bks/B11-06639.pdf
905 _a15
906 _a7
_bcbc
_corignew
_d2
_eopcn
_f19
_gy-gencatlg
942 _2ddc
_cBK
_e21
_n0
999 _c72718
_d72718